|
|
|
|
| LEADER |
00000nab#a22000007a#4500 |
| 001 |
arbauad001922 |
| 003 |
AR-BaUAD |
| 005 |
20250711110456.0 |
| 008 |
930805|||||||||###||||||b###|0###a|spa|| |
| 040 |
|
|
|a AR-BaUAD
|c AR-BaUAD
|b spa
|
| 100 |
|
|
|a Saint André, Alix de
|
| 245 |
|
|
|a Dinosaure :
|b la grosse bête qui mont /
|c Alix de Saint André;
|
| 300 |
0 |
|
|b fot.
|
| 653 |
|
|
|a CINE
|
| 653 |
|
|
|a DIFUSION
|
| 653 |
|
|
|a SPIELBERG, STEVEN
|
| 653 |
|
|
|a DIRECTORES DE CINE
|
| 653 |
|
|
|a ESTADOS UNIDOS
|
| 773 |
0 |
|
|t Elle
|g no. 2477 [jun. 1993], p. 14-15
|
| 942 |
|
|
|c ARTI
|
| 952 |
|
|
|0 0
|1 0
|4 0
|7 0
|9 46842
|a AR-BAuAD
|b AR-BAuAD
|d 2025-07-11
|l 0
|p AAQA001922
|r 2025-07-11 11:04:56
|w 2025-07-11
|y ARTI
|
| 990 |
|
|
|a C199
|b TD
|
| 998 |
|
|
|a AAQ
|b BIBUN76
|
| 999 |
|
|
|c 26515
|d 26515
|